Skončenie pracovného pomeru s pedagogickým zamestnancom a odborným zamestnancom Dohoda, skúšobná doba, smrť, uplynutie dohodnutej doby
Osobitosti pracovnoprávnych vzťahov pedagogických zamestnancov a odborných zamestnancov v školstve pri skončení pracovného pomeru. Skončenie pracovného pomeru v skúšobnej dobe. Skončenie pracovného pomeru smrťou zamestnanca. Skončenie pracovného pomeru na základe zákona.
Saved in:
| Main Author: | |
|---|---|
| Format: | Book Chapter |
| Language: | Slovak |
| Subjects: | |
| Tags: |
No Tags, Be the first to tag this record!
|
MARC
| LEADER | 00000naa a2200000 4500 | ||
|---|---|---|---|
| 001 | 0282066 | ||
| 005 | 20240417075155.0 | ||
| 041 | 0 | |a slo | |
| 044 | |a SK | ||
| 245 | 1 | 0 | |a Skončenie pracovného pomeru s pedagogickým zamestnancom a odborným zamestnancom |b Dohoda, skúšobná doba, smrť, uplynutie dohodnutej doby |c Matej Drotár |
| 520 | |a Osobitosti pracovnoprávnych vzťahov pedagogických zamestnancov a odborných zamestnancov v školstve pri skončení pracovného pomeru. Skončenie pracovného pomeru v skúšobnej dobe. Skončenie pracovného pomeru smrťou zamestnanca. Skončenie pracovného pomeru na základe zákona. | ||
| 610 | 2 | 0 | |a skončenie pomeru pracovného |
| 610 | 2 | 0 | |a zamestnanci |
| 610 | 2 | 0 | |a školstvo |
| 610 | 2 | 0 | |a školy |
| 610 | 2 | 0 | |a zákony |
| 610 | 2 | 0 | |a dohody |
| 610 | 2 | 0 | |a doba skúšobná |
| 100 | 1 | |a Drotár, Matej | |